| 000 | 00793nam a2200301Ia 4500 | ||
|---|---|---|---|
| 008 | 160803s9999 xx 000 0 und d | ||
| 020 | _a 978-1423124948 | ||
| 100 | _aColfer, Eoin | ||
| 245 | 4 | _aThe lost colony / | |
| 245 | _cEoin Colfer. | ||
| 260 | _aNew York : | ||
| 260 | _bScholastic Inc. | ||
| 260 | _c2007 | ||
| 300 | _a385 pages ; | ||
| 300 | _c20 cm. | ||
| 440 | _aArtemis Fowl ; | ||
| 440 | _vbk. 5 | ||
| 500 | _a"The New York Times best-selling series"--Cover. | ||
| 650 | _aDemonology -- | ||
| 650 | _aFairies -- | ||
| 650 | _aFowl, Artemis (Fictitious character) -- | ||
| 650 | _aSpace and time -- | ||
| 650 | _xJuvenile fiction. | ||
| 650 | _xJuvenile fiction. | ||
| 650 | _xJuvenile fiction. | ||
| 650 | _xJuvenile fiction. | ||
| 700 | _a740 | ||
| 999 |
_c298351 _d298351 |
||